[Event "GER-chA Seniors 27th"]
[Site "Magdeburg"]
[Date "2015.08.18"]
[Round "4"]
[White "Skorna, Ullrich"]
[Black "Gudat, Alfons"]
[Result "1-0"]
[WhiteElo "2110"]
[BlackElo "1969"]
[PlyCount "63"]
[EventDate "2015.08.15"]
[EventType "swiss"]
[EventRounds "9"]
[EventCountry "GER"]
[SourceTitle "EXT 2018"]
[Source "ChessBase"]
[SourceDate "2017.10.13"]
[SourceVersion "1"]
[SourceVersionDate "2017.10.13"]
[SourceQuality "1"]

1. e4 c5 2. b3 Nc6 3. Bb2 e5 4. Bb5 Nd4 5. Bc4 Nf6 6. Nc3 Be7 7. Nge2 0-0 8. 0-0 d6 9. d3 a6 10. a4 b6 11. Nd5 Ra7 12. f4 Ng4 13. fxe5 dxe5 14. c3 Nxe2+ 15. Qxe2 Bg5 16. b4 Be6 17. bxc5 bxc5 18. Ba3 Bxd5 19. Bxd5 Be3+ 20. Kh1 Qg5 21. h3 Nf6 22. Rf5 Qh6 23. Re1 Bd2 24. Bxc5 Rc7 25. Bxf8 Bxe1 26. Bxg7 Kxg7 27. Qxe1 Ng4 28. c4 f6 29. Rf3 Kf8 30. Kg1 Rg7 31. hxg4 Rxg4 32. Qb4+ 1-0

[Event "Niedersachsen-ch Seniors 49th"]
[Site "Wesel Undeloh"]
[Date "2015.07.19"]
[Round "1"]
[White "Wraga, Hermann"]
[Black "Gudat, Alfons"]
[Result "0-1"]
[WhiteElo "1409"]
[BlackElo "1754"]
[PlyCount "66"]
[EventDate "2015.07.19"]
[EventType "swiss"]
[EventRounds "7"]
[EventCountry "GER"]
[SourceTitle "EXT 2018"]
[Source "ChessBase"]
[SourceDate "2017.10.13"]
[SourceVersion "1"]
[SourceVersionDate "2017.10.13"]
[SourceQuality "1"]

1. e4 c5 2. d3 Nc6 3. g3 Nf6 4. Nd2 e6 5. Bg2 Be7 6. Ngf3 0-0 7. 0-0 d5 8. Re1 b6 9. c3 Ba6 10. Bf1 Rc8 11. Qc2 d4 12. a4 e5 13. Nb1 Qd7 14. Na3 Rfd8 15. Ng5 dxc3 16. Bh3 Ng4 17. f3 Qd4+ 18. Kg2 Nb4 19. bxc3 Nxc2 20. cxd4 Nxe1+ 21. Kf1 cxd4 22. Kxe1 Rxc1+ 23. Rxc1 Bxg5 24. Rc7 Ne3 25. Rxa7 Bxd3 26. Rb7 Nc4 27. Nxc4 Bxc4 28. Rxb6 d3 29. Kd1 d2 30. Rb1 Be3 31. Bd7 g6 32. Bb5 Ba2 33. Rb2 Rc8 0-1

[Event "GER-ch North Seniors 48th"]
[Site "Sottrum"]
[Date "2014.05.31"]
[Round "6"]
[White "Gudat, Alfons"]
[Black "Klein, Manfred"]
[Result "1/2-1/2"]
[WhiteElo "1962"]
[BlackElo "1820"]
[PlyCount "86"]
[EventDate "2014.05.26"]
[EventType "swiss"]
[EventRounds "7"]
[EventCountry "GER"]
[SourceTitle "EXT 2018"]
[Source "ChessBase"]
[SourceDate "2017.10.13"]
[SourceVersion "1"]
[SourceVersionDate "2017.10.13"]
[SourceQuality "1"]

1. Nf3 c5 2. e4 Nc6 3. Bb5 d6 4. 0-0 Bd7 5. c3 g6 6. d4 cxd4 7. cxd4 Bg7 8. Nc3 Nf6 9. d5 Ne5 10. Nxe5 dxe5 11. Qa4 0-0 12. Be3 a6 13. Bxd7 Qxd7 14. f3 Qd6 15. b4 Nd7 16. Qb3 Rfc8 17. Rac1 Rc7 18. Na4 Rac8 19. Rxc7 Rxc7 20. Rc1 Rxc1+ 21. Bxc1 b5 22. Nb2 f5 23. Be3 Bf8 24. Nd3 Kh8 25. Nc5 f4 26. Bf2 e6 27. dxe6 Nxc5 28. Bxc5 Qd2 29. Qb1 Bxc5+ 30. bxc5 Qd4+ 31. Kh1 Qxc5 32. h3 Qd6 33. Qb3 Kg7 34. a4 b4 35. Qc4 Kf6 36. a5 Qd1+ 37. Kh2 b3 38. Qb4 Kxe6 39. Qb6+ Ke7 40. Qb7+ Ke8 41. Qb8+ Kf7 42. Qxe5 Qc2 43. Qd5+ Kg7 1/2-1/2

[Event "GER-ch North Seniors 48th"]
[Site "Sottrum"]
[Date "2014.05.30"]
[Round "5"]
[White "Flasche Alke, Hartmut"]
[Black "Gudat, Alfons"]
[Result "0-1"]
[WhiteElo "1573"]
[BlackElo "1962"]
[PlyCount "93"]
[EventDate "2014.05.26"]
[EventType "swiss"]
[EventRounds "7"]
[EventCountry "GER"]
[SourceTitle "EXT 2018"]
[Source "ChessBase"]
[SourceDate "2017.10.13"]
[SourceVersion "1"]
[SourceVersionDate "2017.10.13"]
[SourceQuality "1"]

1. d4 Nf6 2. c4 c5 3. Bf4 cxd4 4. Qxd4 Nc6 5. Qd1 e5 6. Bg5 Bc5 7. e3 Qa5+ 8. Nc3 Ne4 9. Qa4 Qxa4 10. Nxa4 Bb4+ 11. Nc3 Nxg5 12. Nge2 d6 13. 0-0-0 0-0 14. Nd5 Ne4 15. Nxb4 Nxb4 16. a3 Nc6 17. Rg1 Nxf2 18. Rd2 Ne4 19. Rd1 Bf5 20. g4 Bg6 21. Bg2 Na5 22. Bxe4 Bxe4 23. Rxd6 Nxc4 24. Rd7 Nxe3 25. Nc3 Bc6 26. Re7 f6 27. h4 Rac8 28. b4 Bf3 29. Rg3 Rxc3+ 30. Kd2 Nd5 31. Rxb7 Rxa3 32. b5 Nf4 33. Rxf3 Rxf3 34. Rxa7 Rd8+ 35. Kc2 Rc8+ 36. Kb2 Nd3+ 37. Kb3 e4 38. Re7 Nc5+ 39. Kb4 Nd3+ 40. Ka5 Ne5 41. Ka6 Ra3+ 42. Kb7 Rc5 43. b6 Kf8 44. Rc7 Rb5 45. h5 Rab3 46. Rc8+ Ke7 47. Rc7+ 0-1

[Event "Hessen-ch Seniors op 10th"]
[Site "Bad Sooden-Allendorf"]
[Date "2014.05.02"]
[Round "7"]
[White "Gudat, Alfons"]
[Black "Selig, Rainer"]
[Result "0-1"]
[WhiteElo "1962"]
[BlackElo "2026"]
[PlyCount "108"]
[EventDate "2014.04.26"]
[EventType "swiss"]
[EventRounds "9"]
[EventCountry "GER"]
[SourceTitle "EXT 2018"]
[Source "ChessBase"]
[SourceDate "2017.10.13"]
[SourceVersion "1"]
[SourceVersionDate "2017.10.13"]
[SourceQuality "1"]

1. e4 d5 2. exd5 Nf6 3. Nf3 Nxd5 4. d4 g6 5. Be2 Bg7 6. 0-0 0-0 7. c4 Nb6 8. h3 Nc6 9. Be3 e5 10. d5 Ne7 11. Nc3 Nd7 12. Qd2 Nf5 13. Rfd1 a6 14. Rac1 Qe7 15. Ne4 h6 16. c5 Nxe3 17. Qxe3 Kh7 18. d6 Qd8 19. b4 f5 20. Neg5+ hxg5 21. Nxg5+ Kh8 22. Ne6 Qh4 23. Nxf8 Nxf8 24. Rc4 Qf6 25. dxc7 Be6 26. Rd6 Rc8 27. Rc2 Rxc7 28. Bc4 Qe7 29. Qb3 Bxc4 30. Rxc4 e4 31. Rc2 Qe5 32. Rcd2 Kh7 33. R2d5 Qf4 34. g3 Qg5 35. Qe3 Qe7 36. Qb3 Nd7 37. Rd1 Nf8 38. h4 Bh6 39. h5 gxh5 40. Qd5 Qg5 41. Qe5 Rf7 42. Qe8 Qg7 43. Rb6 h4 44. Rdd6 Bf4 45. Qd8 Bg5 46. Qe8 hxg3 47. Kg2 gxf2 48. Rd1 Bh4+ 49. Kh1 Bf6 50. Qc8 Qh6+ 51. Kg2 Rg7+ 52. Kxf2 Qh2+ 53. Ke3 Rg3+ 54. Kf4 Rf3# 0-1

[Event "MVP-ch Seniors op 12th"]
[Site "Binz"]
[Date "2012.11.30"]
[Round "3"]
[White "Minte, Horst"]
[Black "Gudat, Alfons"]
[Result "1-0"]
[WhiteElo "1635"]
[BlackElo "1787"]
[PlyCount "85"]
[EventDate "2012.11.28"]
[EventType "swiss"]
[EventRounds "9"]
[EventCountry "GER"]
[SourceTitle "EXT 2014"]
[Source "ChessBase"]
[SourceDate "2013.11.20"]
[SourceVersion "1"]
[SourceVersionDate "2013.11.20"]
[SourceQuality "1"]

1. e4 c5 2. c3 e6 3. d4 d5 4. exd5 exd5 5. Nf3 Nf6 6. Bg5 c4 7. b3 cxb3 8. axb3 Be7 9. Bd3 0-0 10. 0-0 Nc6 11. Re1 Bg4 12. h3 Bh5 13. Nbd2 a6 14. Qc2 Bg6 15. Bxg6 hxg6 16. Ne5 Rc8 17. Qd3 Re8 18. Rac1 Qc7 19. Bf4 Bd6 20. Ndf3 Re7 21. c4 Rce8 22. c5 Bxe5 23. dxe5 d4 24. Bh2 Qa5 25. Nxd4 Nxe5 26. Bxe5 Rxe5 27. Rxe5 Rxe5 28. Qc4 Qd2 29. Nf3 Qe2 30. Nxe5 Qxe5 31. Rd1 g5 32. Qc2 g6 33. c6 bxc6 34. Qxc6 Qe2 35. Qf3 Qc2 36. Qd3 Qc6 37. Qc4 Qb6 38. b4 Qb7 39. Ra1 Nd5 40. Re1 Nf4 41. Qe4 Qb6 42. Rd1 Ne6 43. Rd7 1-0

[Event "Hessen-ch Seniors op 08th"]
[Site "Bad Sooden-Allendorf"]
[Date "2012.04.19"]
[Round "6"]
[White "Kahn, Peter"]
[Black "Gudat, Alfons"]
[Result "1/2-1/2"]
[WhiteElo "2112"]
[BlackElo "2046"]
[PlyCount "108"]
[EventDate "2012.04.14"]
[EventType "swiss"]
[EventRounds "9"]
[EventCountry "GER"]
[SourceTitle "EXT 2019"]
[Source "ChessBase"]
[SourceDate "2018.10.10"]
[SourceVersion "1"]
[SourceVersionDate "2018.10.10"]
[SourceQuality "1"]

1. e4 c5 2. c3 e6 3. d4 d5 4. exd5 Qxd5 5. Nf3 Nf6 6. Be2 Be7 7. 0-0 0-0 8. Na3 Nc6 9. Nb5 Ne8 10. c4 Qd8 11. dxc5 a6 12. Qxd8 Nxd8 13. Nc3 Bxc5 14. a3 Nc6 15. Rd1 Be7 16. Bg5 f6 17. Be3 Nd6 18. b4 Nf5 19. Bb6 Bd8 20. Bxd8 Rxd8 21. Rxd8+ Nxd8 22. Rd1 Nf7 23. c5 Kf8 24. Na4 Ne7 25. Nb6 Rb8 26. a4 e5 27. Bc4 Bg4 28. h3 Bxf3 29. gxf3 Ke8 30. b5 axb5 31. Bxb5+ Nc6 32. a5 Rd8 33. Bxc6+ bxc6 34. Rxd8+ Nxd8 35. a6 Ne6 36. a7 Nc7 37. Kf1 Ke7 38. a8Q Nxa8 39. Nxa8 Ke6 40. Nb6 e4 41. Ke2 Ke5 42. Ke3 exf3 43. Kxf3 Kd4 44. Nd7 Kd5 45. Kf4 Ke6 46. Nf8+ Kd5 47. Nxh7 Kxc5 48. Nxf6 gxf6 49. h4 Kd6 50. Ke4 Ke6 51. Kd4 Kf5 52. Kc5 Kg4 53. Kxc6 Kxh4 54. Kd5 f5 1/2-1/2

[Event "Hessen-ch Seniors op 08th"]
[Site "Bad Sooden-Allendorf"]
[Date "2012.04.14"]
[Round "1"]
[White "Gudat, Alfons"]
[Black "Kierzek, Matthias"]
[Result "0-1"]
[WhiteElo "2046"]
[BlackElo "2177"]
[PlyCount "70"]
[EventDate "2012.04.14"]
[EventType "swiss"]
[EventRounds "9"]
[EventCountry "GER"]
[SourceTitle "EXT 2019"]
[Source "ChessBase"]
[SourceDate "2018.10.10"]
[SourceVersion "1"]
[SourceVersionDate "2018.10.10"]
[SourceQuality "1"]

1. e4 c6 2. d4 d5 3. e5 Bf5 4. Nf3 e6 5. Be2 c5 6. 0-0 Nc6 7. c3 cxd4 8. cxd4 Nge7 9. Nc3 Nc8 10. a3 Be7 11. b4 Nb6 12. Na4 Nxa4 13. Qxa4 0-0 14. Be3 a6 15. Rac1 b5 16. Qb3 Qb6 17. Qc3 Rfc8 18. Qd2 a5 19. bxa5 Rxa5 20. Bd3 Bxd3 21. Qxd3 Rxa3 22. Qc2 b4 23. Qb2 Rca8 24. Rc2 Ra2 25. Qxa2 Rxa2 26. Rxa2 b3 27. Rb2 Ba3 28. Rbb1 b2 29. Rfd1 Na5 30. Rd3 Nc4 31. Nd2 Qa6 32. Rb3 h6 33. h4 Qa4 34. Rb8+ Kh7 35. Nb3 Bb4 0-1

[Event "GER-ch Seniors 23rd"]
[Site "Halle"]
[Date "2011.08.08"]
[Round "4"]
[White "Gudat, Alfons"]
[Black "Bondick, Karl Heinz"]
[Result "1-0"]
[WhiteElo "2047"]
[BlackElo "2140"]
[PlyCount "55"]
[EventDate "2011.08.05"]
[EventType "swiss"]
[EventRounds "9"]
[EventCountry "GER"]
[SourceTitle "CBM 144 Extra"]
[Source "ChessBase"]
[SourceDate "2011.10.28"]
[SourceVersion "1"]
[SourceVersionDate "2011.10.28"]
[SourceQuality "1"]

1. c4 e5 2. Nc3 Nf6 3. Nf3 Nc6 4. e3 g6 5. Be2 Bg7 6. 0-0 0-0 7. d4 d6 8. d5 Ne7 9. e4 c6 10. b4 cxd5 11. cxd5 a5 12. Ba3 Ne8 13. Nd2 f5 14. Nc4 fxe4 15. bxa5 Nf5 16. Nxe4 b5 17. axb6 Ba6 18. Bb4 Nd4 19. Bd3 Rf4 20. Rc1 Bxc4 21. Rxc4 Rxa2 22. Bd2 Rf7 23. Qb1 Qa8 24. Be3 Ra5 25. Rfc1 Qb7 26. Rc8 Rf8 27. Rxe8 Rxe8 28. Nxd6 1-0

[Event "Niedersachsen-ch Seniors op 14th"]
[Site "Bad Bevensen"]
[Date "2011.07.11"]
[Round "7"]
[White "Haselhorst, Helmut"]
[Black "Gudat, Alfons"]
[Result "1-0"]
[WhiteElo "2058"]
[BlackElo "1897"]
[PlyCount "59"]
[EventDate "2011.07.05"]
[EventType "swiss"]
[EventRounds "9"]
[EventCountry "GER"]
[SourceTitle "EXT 2012"]
[Source "ChessBase"]
[SourceDate "2011.11.24"]
[SourceVersion "1"]
[SourceVersionDate "2011.11.24"]
[SourceQuality "1"]

1. d4 Nf6 2. Nf3 e6 3. g3 d5 4. Bg2 Be7 5. 0-0 0-0 6. c4 c6 7. Nbd2 Nbd7 8. Qc2 b5 9. b3 a5 10. e4 Nxe4 11. Nxe4 dxe4 12. Qxe4 bxc4 13. bxc4 Ba6 14. Ne5 Nxe5 15. dxe5 Rc8 16. Be3 a4 17. Rab1 Qa5 18. Bb6 Qc3 19. Rfc1 Qa3 20. Bf1 Bc5 21. Bd3 g6 22. Ba5 f5 23. exf6 Rxf6 24. Bc3 Rxf2 25. Kh1 Be7 26. Qxe6+ Rf7 27. Rf1 Rcf8 28. Rxf7 Rxf7 29. Rb8+ Bf8 30. Qe5 1-0

[Event "Hessen-ch Seniors op 07th"]
[Site "Bad Sooden-Allendorf"]
[Date "2011.05.07"]
[Round "8"]
[White "Gebuhr, Guenter"]
[Black "Gudat, Alfons"]
[Result "1/2-1/2"]
[WhiteElo "1725"]
[BlackElo "1863"]
[PlyCount "50"]
[EventDate "2011.04.30"]
[EventType "swiss"]
[EventRounds "9"]
[EventCountry "GER"]
[SourceTitle "EXT 2012"]
[Source "ChessBase"]
[SourceDate "2011.11.24"]
[SourceVersion "1"]
[SourceVersionDate "2011.11.24"]
[SourceQuality "1"]

1. e4 c5 2. Nf3 Nc6 3. d4 cxd4 4. Nxd4 Nf6 5. Nc3 e5 6. Ndb5 d6 7. Nd5 Nxd5 8. exd5 Ne7 9. c4 Nf5 10. Bd3 Be7 11. 0-0 0-0 12. Qc2 g6 13. Bxf5 Bxf5 14. Qe2 a6 15. Nc3 Rc8 16. Bd2 Bd7 17. f4 Bf6 18. Ne4 Bg7 19. Nxd6 Bg4 20. Qxg4 Qxd6 21. fxe5 Qxe5 22. Qf4 Qxf4 23. Rxf4 Bh6 24. Rd4 Bxd2 25. Rxd2 Rxc4 1/2-1/2